| 000 | 01577nad a2200433 a 4500 | ||
|---|---|---|---|
| 001 | MIU01000000000000007295630 | ||
| 003 | MiU | ||
| 005 | 20231010141312.0 | ||
| 007 | cr mnummmmuuuu | ||
| 008 | 970428s1997 quca sb 001 0 eng d | ||
| 010 | _zcn 96900973 | ||
| 020 | _z0773514473 | ||
| 020 | _z0773514481 | ||
| 024 | 7 |
_a2027/heb06750 _2hdl |
|
| 040 |
_aMiU _cMiU |
||
| 090 |
_aF1034.2 _b(INTERNET) |
||
| 245 | 0 | 0 |
_aDegrees of freedom _h[electronic resource] : _bCanada and the United States in a changing world / _cedited by Keith Banting, George Hoberg, and Richard Simeon. |
| 300 |
_axvi, 493 p. : _bill. ; _c24 cm. |
||
| 504 | _aIncludes bibliographical references (p. [433]-482) and index. | ||
| 650 | 0 |
_zCanada. _943805 |
|
| 650 | 0 |
_zUnited States. _920486 |
|
| 651 | 0 |
_aCanada _xPolitics and government. _943806 |
|
| 651 | 0 |
_aUnited States _xPolitics and government. _943807 |
|
| 700 | 1 |
_aBanting, Keith G. _943808 |
|
| 700 | 1 |
_aHoberg, George. _943809 |
|
| 700 | 1 |
_aSimeon, Richard. _943810 |
|
| 830 | 0 |
_aACLS Humanities E-Book. _943811 |
|
| 856 | 4 | 0 |
_zVolltext _uhttps://hdl.handle.net/2027/heb06750 |
| 942 | _cEB | ||
| 500 | _aE-Book-ACLS / Zugriff nur im DHI-Lesesaal | ||
| 653 | _aPolitical planning | ||
| 653 | _aPolitical planning | ||
| 336 |
_2rdacontent _btxt _aText |
||
| 337 |
_2rdamedia _bbc _aComputermedien |
||
| 338 |
_2rdacarrier _bcr _aOnline Ressource |
||
| 264 |
_aMontreal ; _bMcGill-Queen's University Press, _cc1997. |
||
| 041 | _aeng | ||
| 500 | _aAmerican Council of Learned Societies/ https://www.humanitiesebook.org/about/ | ||
| 999 |
_c66757 _d66757 |
||